| Tag |
First Indicator |
Second Indicator |
Subfields |
| LEADER |
00000cam a2200000 a 4500 |
| 001 |
in00000023869 |
| 005 |
20151007055543.0 |
| 008 |
880421s1987 miu b s00010 eng d |
| 035 |
|
|
|a (OCoLC)17827147
|
| 035 |
|
|
|9 AAB8569AM
|
| 040 |
|
|
|a TXA
|c TXA
|d DJB
|d TXA
|d UtOrBLW
|
| 049 |
|
|
|a TXAM
|c [A11532504]
|
| 050 |
|
4 |
|a HQ1032
|b .I42 1987
|
| 100 |
1 |
|
|a Imamura, Anne E.,
|d 1946-
|
| 245 |
1 |
0 |
|a Strangers in a strange land :
|b coping with marginality in international marriage /
|c by Anne E. Imamura.
|
| 264 |
|
1 |
|a [East Lansing, Mich.] :
|b Women in International Development, Michigan State University,
|c [1987]
|
| 264 |
|
4 |
|c ©1987
|
| 300 |
|
|
|a 23 pages ;
|c 28 cm.
|
| 336 |
|
|
|a text
|b txt
|2 rdacontent
|
| 337 |
|
|
|a unmediated
|b n
|2 rdamedia
|
| 338 |
|
|
|a volume
|b nc
|2 rdacarrier
|
| 490 |
1 |
|
|a Working paper ;
|v #152
|
| 500 |
|
|
|a "December 1987."
|
| 504 |
|
|
|a Bibliography: pages 22-23.
|
| 650 |
|
0 |
|a Intercountry marriage.
|
| 650 |
|
0 |
|a Wives.
|
| 830 |
|
0 |
|a Working paper (Michigan State University. Office of Women in International Development) ;
|v no. 152.
|
| 999 |
|
|
|a MARS
|
| 999 |
f |
f |
|s e3e95f40-9820-35ac-84a3-c073f7174a36
|i 93c719cd-7dfc-3e9f-a0da-b788905ec88f
|t 0
|
| 952 |
f |
f |
|p ric
|a Texas A&M University
|b Rellis Campus
|c Joint Library Facility
|d Remote Storage
|t 0
|e HQ1032 .I42 1987
|h Library of Congress classification
|i unmediated -- volume
|m A14811532504
|
| 998 |
f |
f |
|a HQ1032 .I42 1987
|t 0
|l Remote Storage
|